UM Logo

Organisations and Management in Social Work : (Record no. 17227)

MARC details
000 -LEADER
fixed length control field 00639nam a2200181 4500
008 - FIXED-LENGTH DATA ELEMENTS--GENERAL INFORMATION
fixed length control field 220830b ||||| |||| 00| 0 eng d
020 ## - INTERNATIONAL STANDARD BOOK NUMBER
International Standard Book Number 9781526463852
082 ## - DEWEY DECIMAL CLASSIFICATION NUMBER
Edition number 2022
Classification number DC 361.3206
Item number H874
100 ## - MAIN ENTRY--PERSONAL NAME
Personal name Hughes, Mark.
9 (RLIN) 45801
245 ## - TITLE STATEMENT
Title Organisations and Management in Social Work :
Remainder of title everyday action for change /
Statement of responsibility, etc. Mark Hughes and Michael Wearing.
250 ## - EDITION STATEMENT
Edition statement 4th edition.
260 ## - PUBLICATION, DISTRIBUTION, ETC. (IMPRINT)
Place of publication, distribution, etc. Los Angeles :
Name of publisher, distributor, etc. SAGE,
Date of publication, distribution, etc. ©2022.
300 ## - PHYSICAL DESCRIPTION
Extent xv, 270 pages :
Other physical details illustrations ;
Dimensions 24 cm.
500 ## - GENERAL NOTE
General note Includes references and index.
650 ## - SUBJECT ADDED ENTRY--TOPICAL TERM
Topical term or geographic name as entry element Industrial welfare.
9 (RLIN) 45802
700 ## - ADDED ENTRY--PERSONAL NAME
Personal name Wearing, Michael.
Relator term author.
9 (RLIN) 45803
942 ## - ADDED ENTRY ELEMENTS (KOHA)
Source of classification or shelving scheme Dewey Decimal Classification
Koha item type Circulation
Holdings
Withdrawn status Lost status Source of classification or shelving scheme Damaged status Not for loan Collection code Home library Current library Shelving location Date acquired Source of acquisition Cost, normal purchase price Total Checkouts Full call number Barcode Date last seen Date last checked out Copy number Price effective from Koha item type
    Dewey Decimal Classification     Circulation UM Digos College - LIC UM Digos College - LIC Book Cart 08/16/2022 Purchased 3995.00 1 DC 361.3206 H874 2022 26615 05/15/2025 08/13/2024 1 08/30/2022 Circulation